MARC

LEADER 00000nam0a2200000 4500
001 116695
005 20231101215339.0
035 |a (RuTPU)RU\TPU\book\126284 
090 |a 116695 
100 |a 20070524d1964 m y0rusy50 ca 
101 0 |a rus 
102 |a RU 
105 |a a z 001zb 
200 1 |a Георгий Свиридов (композитор)  |f А. Н. Сохор 
210 |a Москва  |c Музыка  |d 1964 
215 |a 271 с.  |c ил. 
320 |a Список произведений: с. 256-263. 
320 |a Литература: с. 264-270. 
600 1 |a Свиридов  |b Г. В.  |c русский композитор  |f 1915-1998  |g Георгий Васильевич  |2 stltpush  |3 (RuTPU)RU\TPU\pers\11085  |9 2460 
606 1 |a Композиторы  |2 stltpush  |3 (RuTPU)RU\TPU\subj\15032  |9 41330 
610 1 |a русская музыка 
610 1 |a советская музыка 
610 1 |a композиторы 
610 1 |a искусство 
675 |a 78.071.1(092)  |v 3 
700 1 |a Сохор  |b А. Н.  |g Арнольд Наумович 
801 1 |a RU  |b 63413507  |c 20070524  |g PSBO 
801 2 |a RU  |b 63413507  |c 20190409  |g PSBO 
942 |c BK